| 000 | 01513cam a2200433 4500 | ||
|---|---|---|---|
| 001 | 22225 | ||
| 003 | VRT | ||
| 005 | 20260323134932.0 | ||
| 008 | 241104s2024 xo gr 000 f slo | ||
| 015 | _aSNBA2025/02 | ||
| 020 |
_a9788055196718 _q(viazané) |
||
| 039 | 9 |
_a202504081214 _bmsnk180 _c202502120949 _dmsnk159 _c202412101415 _dmsnk03 _c202411060755 _dmsvkbb04 |
|
| 040 |
_aSVKBB _bslo _cSVKBB _dSNK _erda |
||
| 041 | 0 | _aslo | |
| 044 |
_axo _cSK |
||
| 072 | 7 |
_a821.162.4-3 _xSlovenská próza _2konspekt |
|
| 080 |
_a821.162.4-31 _22011 |
||
| 080 |
_a(0:82-312.5) _22011 |
||
| 100 | 1 |
_aRepová, Hana, _d1980- _4aut |
|
| 245 | 1 | 0 |
_aAk bude treba, pohnem aj vesmírom _cHana Repová |
| 250 | _aPrvé vydanie | ||
| 264 | 1 |
_aBratislava _bIkar _c2024 |
|
| 300 |
_a285 strán _c20 cm |
||
| 336 |
_atext _btxt _2rdacontent |
||
| 337 |
_abez média _bn _2rdamedia |
||
| 338 |
_azväzok _bnc _2rdacarrier |
||
| 500 | _aObsahuje profesijné údaje o autorke na záložke prebalu publikácie | ||
| 655 | 7 |
_aslovenské romány _2SNKPH |
|
| 655 | 7 |
_aSlovak fiction _2SNKPHeng |
|
| 655 | 7 |
_aľúbostné romány _2SNKPH |
|
| 655 | 7 |
_aLove novels _2SNKPHeng |
|
| 700 | 1 |
_aValková, Zuzana, _d1985- _4bjd |
|
| 942 |
_2ddc _cKLDO _n0 |
||
| 949 |
_617A1561613 _asnkSD 92981 _bsnk2024/18360 _o1873/24 |
||
| 949 |
_617A1562720 _asnkSD 92981 D1 _bsnk2024/18361 _o1873/24 |
||
| 949 |
_6270001000682419 _asvkbbA 169831 _bsvkbbm 812458 |
||
| 949 |
_6273K0693740 _asvkpoA 256587 _bsvkpo682987 |
||
| 999 |
_c22225 _d22225 |
||